000 00719nam a2200229 a 4500
001 000010755
005 20250219074027.0
008 091009s1984 dr 000 p spa d
040 _aDO-SdBNP
_bspa
_cBNPHU
082 _aRD861.44
_bP438bu
100 1 _aPérez, Isael,
_d1961-
_91414
245 1 0 _aBurócratas del polvo /
_cIsael Pérez.
260 _aSanto Domngo :
_bTaller,
_c1984.
300 _a65 p. :
_bretr. ;
_c21 cm.
490 1 _aArtesanos
_v1
590 _aPerteneció a la biblioteca personal de Juan Isidro Jimenes Grullón.
650 0 _aPoesía dominicana
_966
650 0 _aLiteratura dominicana.
_967
830 0 _aArtesanos
_n1
_925966
910 _aValidado. Control de calidad MFF
049 _aBNPD
999 _c10510
_d10510